Quizzes
Events
Quiz Creation
Community
Videos
Private Events
Remove Ads
Sign In
Join for FREE
Feedback
Dark Mode
Quiz Categories
Sports
Geography
Music
Movies
Television
Just For Fun
Miscellaneous
History
Literature
Language
Science
Gaming
Entertainment
Religion
Holiday
For Kids
Quiz Lab
Recent
Popular Today
Quiz Kudos Today
Editor Picks
Curator Picks
Quizzes by...
Day
Popularity
Type
Ratings
Length
Year
Community
Subscriptions
Recent Discussions
Orange Saloon
Badges
Playlists
Quests
Create
Leaderboards
Showdown
Live 5
Trivia Bingo
Activity
Puzzle Library
Sporcle Events
Private Events
Virtual Trivia
Globe League
Become a Host
Pub Owners
SporcleCon
Opinionation
Our Games
Videos
Blog
Mobile Apps
Partnerships
Remove Ads and Go Orange
Feedback
Gaming
Video Games
Board Games
Card Games
Pokémon
Mario
Nintendo
Minecraft
Console
Toys
Legend of Zelda
Gaming
Video Games
Board Games
Card Games
Pokémon
Mario
Nintendo
Minecraft
Console
Toys
Legend of Zelda
Random Quiz
Search Sporcle
×
Quiz Lab
Quiz Lab
Gaming
Nintendo
Type in answers that appear in a list
Type in answers that appear in a list
Classic
Best Score? Go Orange.
Emotes in runescape Stats
Can you name the emotes in runescape?
By
brach
5m
49 Questions
65 Plays
65 Plays
65 Plays
Comments
Comments
Give Quiz Kudos
Give Quiz Kudos
-
- Ratings
hide this ad
Replay
Link that replays current quiz
Next Quiz
Link to next quiz in quiz playlist
You Got
0%
They Got
Avg Score
41%
Avg Friend Score
Upgrade to see
Score Distribution
Jump to the score distribution portion of the page
Score
0/49
Timer
05:00
0
Plays Today
emote
% Correct
dance
89.2%
yes
83.1%
no
83.1%
jig
75.4%
bow
69.2%
wave
63.1%
glass box
63.1%
cry
61.5%
lean
61.5%
skill cape
61.5%
glass wall
60%
climb rope
58.5%
laugh
56.9%
zombie dance
56.9%
angry
55.4%
jump for joy
55.4%
goblin bow
55.4%
blow kiss
53.8%
salute
53.8%
zombie walk
52.3%
think
43.1%
headbang
43.1%
cheer
41.5%
beckon
41.5%
idea
40%
emote
% Correct
scared
40%
bunny-hop
40%
clap
35.4%
stomp
35.4%
air guitar
35.4%
twirl
32.3%
flap
30.8%
shrug
24.6%
panic
24.6%
zombie hand
24.6%
snowman dance
24.6%
rasberry
23.1%
trick
23.1%
give thanks
23.1%
safety first
21.5%
around the world in eggty days
21.5%
explore
18.5%
freeze
16.9%
seal of approval
16.9%
task master
13.8%
yawn
12.3%
faint
12.3%
dramatic point
9.2%
puppet master
7.7%
Quiz Playlist
Details
Report
Send in Message
Add To Playlist
Classic:
Type in answers that appear in a list
Last Updated: Feb 16, 2017
Quiz Scoreboard
CHALLENGE
Sign Up to Join the Scoreboard
Show All
Scores
Hide
Comments
May contain spoilers
Recently Published
An Introduction to Baseball
by treessimontrees
Sports
5m
Movies - When Are They Set?
by FPL_Elf
Movies
5m
Popular People in 1961
by mucciniale
History
6m
More to Explore
Quiz From the Vault
Featured Blog Post
Where Did the Easter Bunny Come From?
hide this ad
You Might Also Like...
Tags
Nintendo Quiz
runescape
Today's Top Quizzes in Gaming
Browse Gaming
hide this ad
Today's Top Quizzes in Nintendo
Browse Nintendo
Top Contributed Quizzes in Gaming
1
Destiny 2 exotic weapons by perk icons
2
5-to-1: Consoles
3
Ultimate Genshin Impact Logic Puzzle (up to 4.3)
4
7-to-1: Board Game Piece Blitz
5
5-to-1: Legend of Zelda
6
Franchise by Action Figure
7
Who's on the WWE 2K24 Cover?
8
Windmill: Pokémon
9
Genshin Impact Logic Puzzle Quiz
10
Legendary or Exotic?
Explore More
Trending Topics
NBA
Marvel
Harry Potter
Kpop
Crossword
Disney
Anime
Puzzle
Country
WWE
Song
Soccer
Pokémon
NFL
The Office
hide this ad
More By:
brach
Quiz
Plays
Rating
Category
Featured
Created
parts of the respiratory system
1,691
2.00
Science
Jan 20, 2011
Starting Line Up for Barcelona 2010
458
2.00
Sports
Jun 21, 2010
layers of the earth
261
2.29
Science
Jun 21, 2010
emotes in runescape
65
3.00
Gaming
Mar 28, 2011
quests of runescape-non members
64
4.50
Gaming
Jun 21, 2010
Go to Creator's Profile
Score Distribution
Quiz Creator Spotlight
brach
Follow
Send a Message
Quizzes Created
-
Created Quiz Play Count
-
More By This Creator
Popular Quizzes Today
1
Find the Countries of Europe - No Outlines Minefield
2
Find the US States - No Outlines Minefield
3
The Countries of the World
4
Popular People in 1961
5
US States
6
Find the US States
7
1-10 Letter E Words III
8
Risky Map Clicking: Biggest States A-Z
More Gaming Quizzes
Villager Professions and Workstations
Curator's Pick
Trending Quizzes
Risky Map Clicking: Least Populous States A-Z
1-10 Letter F Words
1-10 Letter G Words
Not Quite an Element Typing Challenge
One Thing in Common: United Kingdom
Recently Updated
Leaping Animals
pecheneg
Reality TV Shows (A-Z)
bhenderson79
Rickey Henderson's Hall of Fame Teammates
pecheneg
Champions League XIs: Arsenal
pecheneg
Quick Pick: Celebrities in WWE's Hall of Fame
aduchscher
A-Z Keypad Blitz II
pecheneg
Multiple Oscar Actors
pecheneg
Mystery Phrase Blitz: Oscar 'Best Actors'
pecheneg
F. Scott Fitzgerald Novels
LTH
Pick 3 Villains
ddd62291
Trending Topics
Marvel
Anime
Harry Potter
Disney
Kpop
Crossword
NBA
Soccer
Puzzle
The Office
Song
NFL
Country
Pokémon
WWE
Your Account Isn't Verified!
In order to create a playlist on Sporcle, you need to verify the email address you used during registration. Go to your
Sporcle Settings
to finish the process.
Report this User
Report this user for behavior that violates our
Community Guidelines
.
Details:
Send Report
Go to the Sporcle.com Mobile Site →
Comments